Biggest Cities of Asia in 800 AD with a Map - Statistics

General Stats
  • This quiz has been taken 394 times
  • The average score is 19 of 50
Answers on the Map
Answers color-coded by a green-red scale on the quiz's map according to % correct below.
 
Answer Stats
Population Cities % Correct
700k Baghdad
95%
55k Bayt al-Maqdis (Jerusalem)
90%
80k Mecca
89%
100k Muhammadiyyah (Ray, Tehran)
89%
40k Ankyra (Ankara)
88%
200k Heian-kyo (Kyoto)
87%
65k Damascus
84%
600k Chang'an (Xi'an)
81%
45k Guangzhou
77%
100k Basra
70%
100k Lhasa
70%
85k Wuchang (Wuhan)
70%
50k Shengzhou (Nanjing)
68%
75k Chengdu
64%
70k Qiantang (Hangzhou)
60%
75k Samarah (Samarkand)
60%
45k Madinat al-Sufriyyah (Bukhara)
46%
85k Suzhou
45%
55k Marw al-Shahijan (Mary)
44%
70k Pataliputra (Patna)
41%
45k Banaras (Varanasi)
39%
300k Dongdu (Luoyang)
39%
50k Kaisaraia (Kayseri)
34%
55k Bian (Kaifeng)
33%
100k Heijo (Nara)
29%
75k Yangjumie (Dali Town)
29%
45k Shule (Kashgar)
28%
65k Kufa
19%
70k Thirualavai (Madurai)
19%
40k Abarshahr (Nishapur)
18%
40k Hongzhou (Nanchang)
18%
40k Qirmasin (Kermanshah)
16%
40k Al-Sus (Shush)
15%
70k Guangling (Yangzhou)
15%
60k Anbar (Fallujah)
12%
100k Anuradhapura
11%
50k Turpan
9%
80k Kanyakubja (Kannauj)
8%
45k Ujjayini (Ujjain)
8%
40k Bezawada (Vijayawada)
7%
50k Geumseong (Gyeongju)
7%
100k Sri Ksetra (Pyay)
6%
60k Kucha (Kuqa)
4%
40k Anahilapataka (Patan)
3%
90k Bardha'a (Barda)
3%
45k Indrapura (Kampong Cham)
3%
50k Kanchi (Kanchipuram)
3%
45k Elapura (Ellora)
2%
60k Mansura (Sanghar)
2%
45k Jayapuram (Androth)
1%
No matching quizzes found
Score Distribution
Percent of People with Each Score
Percentile by Number Answered
Your Score History
You have not taken this quiz